Countries whose capitals are not their largest city Quiz Stats

 Plays Quiz not verified by Sporcle

Challenge
Share
Tweet
Embed
Score 0/93 Timer 20:00
0 Plays Today
% Correct
United States
91.3%
Australia
87%
Canada
87%
Brazil
86.5%
China
85.1%
New York
81.3%
India
80.8%
Washington D.C.
80.3%
Sydney
80.3%
Canberra
78.8%
South Africa
78.4%
Beijing
78.4%
Ottawa
77.9%
Toronto
77.9%
Shanghai
76.9%
Brasilia
76.4%
Sao Paulo
74%
New Zealand
73.6%
New Delhi
73.1%
Turkey
70.7%
Pretoria
70.2%
Mumbai
69.7%
Pakistan
68.3%
Wellington
67.3%
Johannesburg
67.3%
Nigeria
65.9%
Switzerland
65.4%
Vietnam
64.9%
Auckland
64.9%
Istanbul
64.4%
Ankara
63.5%
% Correct
United Arab Emirates
62%
Morocco
61.5%
Bern
61.5%
Islamabad
60.1%
Lagos
58.7%
Zurich
57.7%
Dubai
57.7%
Karachi
56.7%
Abu Dhabi
56.3%
Hanoi
56.3%
Casablanca
56.3%
Myanmar
55.3%
Bolivia
54.8%
Kazakhstan
54.3%
Belize
53.4%
Rabat
53.4%
Ho Chi Minh City
53.4%
Ecuador
52.9%
Abuja
51.4%
La Paz
51%
Quito
47.1%
Belmopan
46.6%
Côte d'Ivoire
44.2%
Astana
44.2%
Liechtenstein
43.3%
Belize City
42.3%
Benin
41.8%
Cameroon
41.8%
Malta
40.9%
Fiji
37.5%
Yangon
37.5%
% Correct
Vaduz
36.5%
Almaty
36.5%
San Marino
35.6%
San Marino
35.6%
Abidjan
34.1%
Guayaquil
34.1%
Palau
33.2%
Valletta
33.2%
The Gambia
31.3%
Trinidad & Tobago
30.8%
Naypyidaw
30.8%
Yamoussoukro
30.3%
Porto Novo
28.8%
Yaounde
28.8%
Micronesia
28.4%
Santa Cruz
27.4%
Suva
26.4%
Port of Spain
24%
Douala
20.7%
Banjul
19.7%
Melekeok
19.2%
Palikir
16.3%
Cotonou
15.9%
Schaan
14.4%
Koror
14.4%
Birkirkara
11.5%
Weno
11.1%
Serravalle
11.1%
Serrekunda
10.1%
Chaguanas
9.1%
Nasinu
4.3%

You're not logged in!

Compare scores with friends on all Sporcle quizzes.
Join for Free
OR
Log In

You Might Also Like...

Show Comments

Extras

Top Quizzes Today


Score Distribution

Your Account Isn't Verified!

In order to create a playlist on Sporcle, you need to verify the email address you used during registration. Go to your Sporcle Settings to finish the process.

Report this User

Report this user for behavior that violates our Community Guidelines.

Details: